000 00550nam a2200193 a 4500
005 20140311161025.0
008 051014s19uu xx 00 eng d
020 _a0321321251
050 _aT 385
_b.M6635 2005
100 _aMorris, David
245 _aCreating a web site with flash :
_bvisual quickproject guide /
_cDavid Morris.
260 _aBerkeley, CA :
_bPeachpit Press,
_c2005.
300 _a140 p. :
_bill. col. ;
_c25 cm.
521 _aIT
650 _aWebsites
_xdesign.
942 _cBK
_2lcc
_kFOR
999 _c21192
_d21192